[Event "Erfurt AT op 23rd"]
[Site "Erfurt"]
[Date "2013.12.29"]
[Round "6.5"]
[White "Loeck, Timm"]
[Black "Wolf, Erasmus"]
[Result "1/2-1/2"]
[WhiteElo "1434"]
[BlackElo "1485"]
[PlyCount "42"]
[EventDate "2013.12.27"]
[EventType "swiss"]
[EventRounds "7"]
[EventCountry "GER"]
[SourceTitle "EXT 2024"]
[Source "ChessBase"]
[SourceDate "2023.10.10"]
[SourceVersion "1"]
[SourceVersionDate "2023.10.10"]
[SourceQuality "1"]

1. d4 d5 2. Bf4 e6 3. e3 c5 4. Nf3 Nf6 5. Be2 Nc6 6. 0-0 Bd6 7. Bxd6 Qxd6 8. c4 cxd4 9. Nxd4 dxc4 10. Bxc4 Nxd4 11. exd4 Bd7 12. Nc3 Bc6 13. Qd3 0-0 14. Rfd1 Rfd8 15. Rd2 Rd7 16. Rad1 Rad8 17. f3 Qf4 18. Ne2 Qg5 19. Qa3 Nd5 20. Bxd5 Bxd5 21. Ng3 a6 1/2-1/2

[Event "Jena Fair op 8th"]
[Site "Jena"]
[Date "2008.10.17"]
[Round "5"]
[White "Auerswald, Klaus"]
[Black "Wolf, Erasmus"]
[Result "1-0"]
[WhiteElo "1982"]
[BlackElo "1168"]
[PlyCount "43"]
[EventDate "2008.10.15"]
[EventType "swiss"]
[EventRounds "9"]
[EventCountry "GER"]
[SourceTitle "EXT 2009"]
[Source "ChessBase"]
[SourceDate "2008.11.26"]
[SourceVersion "1"]
[SourceVersionDate "2008.11.26"]
[SourceQuality "1"]

1. e4 e5 2. d4 exd4 3. Bc4 Nc6 4. Nf3 Nf6 5. 0-0 Bb4 6. e5 Ne4 7. a3 Ba5 8. b4 Bb6 9. Re1 Nc3 10. Nxc3 dxc3 11. Ng5 0-0 12. Qh5 h6 13. Nxf7 Rxf7 14. Qxf7+ Kh8 15. Re4 d5 16. exd6 Bd7 17. dxc7 Qxc7 18. Bxh6 gxh6 19. Rh4 Qd6 20. Bd3 Bxf2+ 21. Kh1 Bf5 22. Bxf5 1-0

[Event "GER-ch U10"]
[Site "Willingen"]
[Date "2007.05.30"]
[Round "8"]
[White "Hansch, Karsten"]
[Black "Wolf, Erasmus"]
[Result "1-0"]
[WhiteElo "1417"]
[BlackElo "1085"]
[PlyCount "101"]
[EventDate "2007.05.26"]
[EventType "swiss"]
[EventRounds "11"]
[EventCountry "GER"]
[SourceTitle "CBM 118 Extra"]
[Source "ChessBase"]
[SourceDate "2007.07.04"]
[SourceVersion "1"]
[SourceVersionDate "2007.07.04"]
[SourceQuality "1"]

1. e4 e5 2. Nf3 Nc6 3. Bc4 Bb4 4. 0-0 d6 5. d3 Bg4 6. Nbd2 Nf6 7. c3 0-0 8. h3 Bh5 9. Re1 h6 10. Nf1 d5 11. exd5 Nxd5 12. Ng3 Bxf3 13. Qxf3 Nf6 14. Bb5 Qd6 15. Bxc6 Qxc6 16. Qxc6 bxc6 17. Rxe5 Bd6 18. Re1 Rfd8 19. d4 c5 20. dxc5 Bxc5 21. Bf4 Nd5 22. Bc1 Rab8 23. a3 a5 24. b4 axb4 25. cxb4 Bd6 26. Ne4 Re8 27. Bd2 Be5 28. Rab1 Ra8 29. Rb3 Rab8 30. Nc3 Nf6 31. f4 Bd4+ 32. Kh2 Bc5 33. Rxe8+ Nxe8 34. Rb1 Bd6 35. Ne4 Bf8 36. Be3 Ra8 37. Rb3 Ra6 38. Bc5 Nd6 39. Nxd6 cxd6 40. Bd4 f5 41. Bb2 d5 42. b5 Rb6 43. a4 Bc5 44. a5 Rb8 45. b6 Kf7 46. Be5 Rb7 47. Bc7 d4 48. a6 d3 49. axb7 d2 50. Rd3 Be3 51. b8Q 1-0

[Event "GER-ch U10"]
[Site "Willingen"]
[Date "2007.05.30"]
[Round "7"]
[White "Wolf, Erasmus"]
[Black "Huemmecke, Aaron"]
[Result "0-1"]
[WhiteElo "1085"]
[BlackElo "1441"]
[PlyCount "70"]
[EventDate "2007.05.26"]
[EventType "swiss"]
[EventRounds "11"]
[EventCountry "GER"]
[SourceTitle "CBM 118 Extra"]
[Source "ChessBase"]
[SourceDate "2007.07.04"]
[SourceVersion "1"]
[SourceVersionDate "2007.07.04"]
[SourceQuality "1"]

1. e4 e5 2. Nf3 Nc6 3. Bc4 Nf6 4. Ng5 d5 5. exd5 Nd4 6. 0-0 h6 7. Nf3 Bg4 8. Be2 Nxe2+ 9. Qxe2 e4 10. Re1 Be7 11. Nc3 exf3 12. gxf3 Bh3 13. d3 a6 14. Bf4 Kf8 15. Kh1 Bd6 16. Bg3 Kg8 17. Rg1 Kh7 18. Rae1 Re8 19. Qd2 Rxe1 20. Qxe1 Qd7 21. Qd2 Qf5 22. Qd1 Re8 23. Bxd6 cxd6 24. Rg3 Nh5 25. Rg1 b5 26. Ne4 Rd8 27. b4 Qxd5 28. f4 Nf6 29. f3 Qe6 30. Re1 Qf5 31. Qd2 Nd5 32. c4 Nxf4 33. cxb5 axb5 34. Re3 Qg6 35. Nc3 Bg2+ 0-1

[Event "GER-ch U10"]
[Site "Willingen"]
[Date "2007.05.28"]
[Round "5"]
[White "Bluhm, Sonja Maria"]
[Black "Wolf, Erasmus"]
[Result "1-0"]
[WhiteElo "1283"]
[BlackElo "1085"]
[PlyCount "101"]
[EventDate "2007.05.26"]
[EventType "swiss"]
[EventRounds "11"]
[EventCountry "GER"]
[SourceTitle "CBM 118 Extra"]
[Source "ChessBase"]
[SourceDate "2007.07.04"]
[SourceVersion "1"]
[SourceVersionDate "2007.07.04"]
[SourceQuality "1"]

1. e4 e5 2. Nf3 Nc6 3. Bc4 Bc5 4. Nc3 Nf6 5. h3 d6 6. d3 h6 7. Be3 Bb6 8. 0-0 Be6 9. Bb3 0-0 10. d4 exd4 11. Nxd4 Nxd4 12. Bxd4 c5 13. Bxf6 Qxf6 14. Bd5 Qe7 15. Nb5 a6 16. Bxe6 axb5 17. Bd5 c4 18. Qd2 Ra7 19. Qb4 Qd7 20. a4 Bc5 21. Qxb5 Qxb5 22. axb5 Rxa1 23. Rxa1 b6 24. Bxc4 Rc8 25. Bd3 Bd4 26. c3 Be5 27. g3 g6 28. Kf1 Kf8 29. Ke2 Ke7 30. f4 Bg7 31. h4 f5 32. exf5 gxf5 33. Bxf5 Re8 34. Kf3 Kf6 35. Bd3 d5 36. Ra6 Re6 37. f5 Rd6 38. g4 Kf7 39. g5 d4 40. Bc4+ Kf8 41. f6 Bxf6 42. gxf6 Rxf6+ 43. Ke4 dxc3 44. bxc3 Ke7 45. Bd5 Kd7 46. c4 Kc7 47. c5 Rg6 48. cxb6+ Kb8 49. b7 Rxa6 50. bxa6 Kc7 51. a7 1-0

[Event "GER-ch U10"]
[Site "Willingen"]
[Date "2007.05.26"]
[Round "1"]
[White "Scheel, Henrik"]
[Black "Wolf, Erasmus"]
[Result "0-1"]
[WhiteElo "1478"]
[BlackElo "1085"]
[PlyCount "150"]
[EventDate "2007.05.26"]
[EventType "swiss"]
[EventRounds "11"]
[EventCountry "GER"]
[SourceTitle "CBM 118 Extra"]
[Source "ChessBase"]
[SourceDate "2007.07.04"]
[SourceVersion "1"]
[SourceVersionDate "2007.07.04"]
[SourceQuality "1"]

1. e4 e5 2. Nf3 Nc6 3. Bc4 Bc5 4. 0-0 Nf6 5. Nc3 0-0 6. d3 h6 7. Be3 Bb6 8. a3 d6 9. h3 Be6 10. Bb3 d5 11. exd5 Bxd5 12. Nxd5 Nxd5 13. Bxd5 Qxd5 14. c4 Qd6 15. Qc2 Bxe3 16. fxe3 Qc5 17. Rfe1 f5 18. b4 Qe7 19. e4 f4 20. Qc3 Rad8 21. b5 Nd4 22. Nxd4 Rxd4 23. Rf1 Qc5 24. Kh1 g5 25. a4 Rf6 26. Qa3 Qd6 27. Rfd1 h5 28. Qxd6 Rfxd6 29. Ra3 Rxe4 30. Rc3 Red4 31. Re1 Re6 32. Re4 Kf7 33. Kg1 Kf6 34. Kf2 g4 35. hxg4 hxg4 36. g3 Rxe4 37. dxe4 Kg5 38. Rd3 a5 39. Rd7 Rd6 40. Rg7+ Kh5 41. gxf4 exf4 42. Rf7 g3+ 43. Kg2 Kg5 44. Rg7+ Kf6 45. Rg8 Kf7 46. Rg4 Rd2+ 47. Kf1 Rf2+ 48. Ke1 Ke6 49. Rg5 Rh2 50. c5 c6 51. b6 Kf6 52. Rf5+ Kg6 53. Kf1 Rf2+ 54. Ke1 Rf3 55. Rf8 g2 56. Rg8+ Kf6 57. Rxg2 Re3+ 58. Re2 Ke5 59. Kd2 Rxe4 60. Rh2 Kd4 61. Rh7 Kxc5 62. Rxb7 Rxa4 63. Rb8 Rb4 64. b7 Kb6 65. Ra8 Kc7 66. Rxa5 Kxb7 67. Rf5 Kb6 68. Ke2 c5 69. Kf3 Kb5 70. Rxf4 Rxf4+ 71. Kxf4 Kc4 72. Ke3 Kc3 73. Ke2 Kc2 74. Ke3 c4 75. Ke2 c3 0-1